Combustion engine processes (Record no. 20638)

000 -LEADER
fixed length control field 00567nam a22002051 4500
001 - CONTROL NUMBER
control field 20638
003 - CONTROL NUMBER IDENTIFIER
control field BD-DhUET
008 - FIXED-LENGTH DATA ELEMENTS--GENERAL INFORMATION
fixed length control field 780509s1967 nyua b 001 0 eng
040 ## - CATALOGING SOURCE
Original cataloging agency DLC
Transcribing agency LDC
Modifying agency BD-DhUET
082 00 - DEWEY DECIMAL CLASSIFICATION NUMBER
Classification number 621.43
Item number LIC/1967
100 ## - MAIN ENTRY--PERSONAL NAME
Personal name Lichty, Lester C.
245 10 - TITLE STATEMENT
Title Combustion engine processes
250 ## - EDITION STATEMENT
Edition statement 1st ed.
260 ## - PUBLICATION, DISTRIBUTION, ETC. (IMPRINT)
Place of publication, distribution, etc. New York
Name of publisher, distributor, etc. McGraw-Hill
Date of publication, distribution, etc. 1967
300 ## - PHYSICAL DESCRIPTION
Extent ix, 654p.
Other physical details illus
Dimensions 23 cm.
490 0# - SERIES STATEMENT
Series statement McGraw-Hill series in mechanical engineering
504 ## - BIBLIOGRAPHY, ETC. NOTE
Bibliography, etc Includes bibliographies
650 #0 - SUBJECT ADDED ENTRY--TOPICAL TERM
Topical term or geographic name as entry element Internal combustion engines
942 ## - ADDED ENTRY ELEMENTS (KOHA)
Koha item type General Book
Holdings
Koha item type Location (home branch) Sublocation or collection (holding branch) Withdrawn status Copy number Price effective from Piece designation (barcode) Source of classification or shelving scheme Koha date last seen Not for loan Damaged status Date acquired Lost status Koha normalized classification for sorting Shelving location Koha full call number
General BookCentral Library, BUETCentral Library, BUET 12015-04-1215520 2017-04-26  2015-04-12 621_430000000000000_LIC_1967Circulation section621.43/LIC/1967
General BookCentral Library, BUETCentral Library, BUET 22015-04-1315521 2015-04-13  2015-04-13 621_430000000000000_LIC_1967Circulation section621.43/LIC/1967
General BookCentral Library, BUETCentral Library, BUET 32015-04-1343564 2015-04-13  2015-04-13 621_430000000000000_LIC_1967Circulation section621.43/LIC/1967
General BookCentral Library, BUETCentral Library, BUET 42015-04-1325971 2015-04-13  2015-04-13 621_430000000000000_LIC_1967Circulation section621.43/LIC/1967
General BookCentral Library, BUETCentral Library, BUET 52015-04-1324519 2015-04-13  2015-04-13 621_430000000000000_LIC_1967Circulation section621.43/LIC/1967
General BookCentral Library, BUETCentral Library, BUET 62015-04-1320396 2015-04-13  2015-04-13 621_430000000000000_LIC_1967Circulation section621.43/LIC/1967